000 00227nam a22001097a 4500
003 OSt
008 250101b |||||||| |||| 00| 0 eng d
041 _aeng
100 _aGwen Goss
_96724
245 _aFirst Farmers 1
942 _cBK
999 _c18831
_d18831